Población, Uso del Suelo y Deforestación en El Parque Nacional Sierra de Lacandón, Petén, Guatemala/
En este estudio se calcula la magnitud de la fuga de cerebros de los países centroamericanos en los años 80 y se hicieron estimaciones preliminares para los años 90. Se consideró tres efectos de la fuga de cerebros: los cálculos del beneficio social neto de la inversión en educación, los cambios en...
Na minha lista:
| Autor principal: | |
|---|---|
| Autores corporativos: | , |
| Outros Autores: | |
| Formato: | Texto |
| Idioma: | Spanish |
| Publicado em: |
San José: Costa Rica
CCP
2001
|
| coleção: | 16
|
| Tags: |
Adicionar Tag
Sem tags, seja o primeiro a adicionar uma tag!
|
MARC
| LEADER | 00000 a a2200000 04500 | ||
|---|---|---|---|
| 001 | 26151 | ||
| 003 | cru CRAIS/IIS | ||
| 005 | 20210824110709.0 | ||
| 008 | 210824b2001 |||||||| |||| 00| 0 spa d | ||
| 020 | |a 9977-15-096-6 | ||
| 040 | |c CRAIS/IIS |d CRAIS/IIS | ||
| 090 | |a 14.01.01 | ||
| 100 | 1 | |a Carr, David L |9 5878 | |
| 110 | |a Universidad de Costa Rica. Centro Centroamericano de Población | ||
| 245 | |a Población, Uso del Suelo y Deforestación en El Parque Nacional Sierra de Lacandón, Petén, Guatemala/ |c Universidad de Costa Rica. Centro Centroamericano de Población | ||
| 260 | |a San José: Costa Rica |b CCP |c 2001 | ||
| 300 | |a Páginas 361- 382 |b **no definido** | ||
| 490 | |a 16 | ||
| 520 | |a En este estudio se calcula la magnitud de la fuga de cerebros de los países centroamericanos en los años 80 y se hicieron estimaciones preliminares para los años 90. Se consideró tres efectos de la fuga de cerebros: los cálculos del beneficio social neto de la inversión en educación, los cambios en la composición del mercado laboral y las posibles diferencias de las remesas de acuerdo al nivel educativo. DOC/WMV | ||
| 700 | |a ed. | ||
| 710 | |a CCP | ||
| 942 | |2 ddc |c LI |h 14.01.01 |i 19512 |6 140101_19512 | ||
| 999 | |c 12526 |d 12526 | ||
| 773 | 0 | |0 788 |9 1491 |a Rosero Bixby, Luis |d San José: CCP |o 18293 |t Población del Istmo 2000: |w (cru CIDCACS/IIS)26148 |z 9977-15-096-6 | |
| 773 | 0 | |0 788 |9 5050 |a Rosero Bixby, Luis |d San José: CCP |o 19512 |t Población del Istmo 2000: |w (cru CIDCACS/IIS)26148 |z 9977-15-096-6 | |



